000
00336nam a2200133Ia 4500
008
240624s9999 xx 000 0 und d
041
_a
eng
082
_a
658.827 VER
100
_a
VERMA HARSH V
245
_a
BRANDING DEMYSTIFIED PLANS TO PAYOFFS
260
_c
2009
_a
New Delhi
_b
Response Books
300
_a
268 : p.
365
_c
RS
_b
34
999
_c
15710
_d
15710